[Event "XX Open"]
[Site "Andorra la Vella AND"]
[Date "2002.07.07"]
[Round "2"]
[White "San Emeterio Cabanes,J"]
[Black "Conquest,S"]
[Result "0-1"]
[WhiteElo "2318"]
[BlackElo "2542"]

1.e4 g6 2.d4 Bg7 3.Nc3 c6 4.Nf3 d6 5.a4 Nf6 6.Be2 O-O 7.O-O a5 8.h3 Na6 9.Be3 Nb4
10.Nd2 d5 11.e5 Ne8 12.Na2 f6 13.f4 Bh6 14.Nf3 fxe5 15.Nxe5 Nxa2 16.Rxa2 Bf5
17.g4 Be4 18.Qd2 e6 19.Raa1 Nd6 20.Kh2 Qc7 21.Rf2 Bg7 22.Kg1 Rad8 23.b3 c5
24.c3 b6 25.Raf1 Bf6 26.Rh2 c4 27.bxc4 Nxc4 28.Bxc4 dxc4 29.g5 Bg7 30.h4 Rf5
31.Qa2 Rc8 32.h5 gxh5 33.Rxh5 Rff8 34.Qh2 Qb7 35.Qg3 Qd5 36.Rh4 Rc7 37.g6 h6
38.Rg4 Bf5 39.Rh4 Qe4 40.Rh5 Rf6 41.Rf2 Qb1+ 42.Rf1 Qc2 43.d5 exd5 44.Bd4 Re7
45.Qh4 Rxe5 46.Rxh6 Be4 47.Rh8+ Bxh8 48.Qh7+ Kf8 49.Qxh8+ Ke7 50.Qg7+ Ke6
51.f5+ Rfxf5 52.Qg8+ Kd7 53.Qg7+ Re7  0-1

[Event "Dutch Open"]
[Site "Dieren NED"]
[Date "2002.07.11"]
[Round "3"]
[White "Dgebuadze,A"]
[Black "Hartoch,R"]
[Result "1/2-1/2"]
[WhiteElo "2531"]
[BlackElo "2314"]

1.e4 g6 2.d4 Bg7 3.Nc3 c6 4.Nf3 d6 5.Be3 Nf6 6.Qd2 O-O 7.Bh6 Bg4 8.Be2 b5
9.Bxg7 Kxg7 10.e5 Nd5 11.Nxd5 cxd5 12.O-O-O e6 13.h4 Bxf3 14.gxf3 h5 15.f4 Rh8
16.Bxb5 Qb6 17.Ba4 Na6 18.Rh3 Rac8 19.Rb3 Qd8 20.Rh1 Rc7 21.Bb5 Nb8 22.Kb1 Qe7
23.Qe3 Rhc8 24.c3 Kh7 25.Qg3 Rd8 26.Rg1 Nc6 27.Bd3 Kh8 28.Ra3 dxe5 29.fxe5 Rb8
30.Rb3 Rxb3 31.axb3 a5 32.Qg5 Qxg5 33.Rxg5 Rb7 34.Kc2 Kg7 35.Rg1 Kf8 36.f4 Ke7
37.Ra1 Kd8 38.Ra3 Kc7 39.Kd2 Kb6 40.Ke3 Rb8 41.Bf1 Ne7 42.Bh3 Nf5+ 43.Bxf5 gxf5
44.Kf3 Rg8 45.b4 axb4 46.Rb3 Rg4 47.Rxb4+ Kc7 48.c4 dxc4 49.Rxc4+ Kd7 50.d5 exd5
51.Rc5 Rxh4 52.Rxd5+ Ke7 53.Rd6 Rh3+ 54.Kg2 Rb3 55.Rf6 Rxb2+ 56.Kg3 Rb1 57.Kh4 Rh1+
58.Kg5 h4 59.Kxf5 h3 60.Kg4 h2 61.Kg3 Re1 62.Kxh2 Re3 63.Kg2 Ra3 64.Rb6 Rc3
65.Kf2 Ra3 66.Ke2 Rc3 67.Rd6 Ra3 68.Rb6 Rc3 69.Ra6 Rb3 70.Kd2 Rf3 71.Ra4 Ke6
72.Ke2 Rb3 73.Ra6+ Ke7 74.Rd6 Ra3 75.Rd3 Rxd3 76.Kxd3 f6 77.Ke4 Kf7 78.Kd5 fxe5
79.Kxe5 Ke7  1/2-1/2

[Event "Dutch Open"]
[Site "Dieren NED"]
[Date "2002.07.15"]
[Round "6"]
[White "Gaponenko,I"]
[Black "Hartoch,R"]
[Result "1-0"]
[WhiteElo "2415"]
[BlackElo "2314"]

1.e4 g6 2.d4 Bg7 3.Nc3 c6 4.f4 d5 5.e5 Nh6 6.Nf3 f6 7.Bd3 Bf5 8.O-O Bxd3
9.Qxd3 O-O 10.a4 a5 11.b3 fxe5 12.Nxe5 Nd7 13.Ba3 Nxe5 14.dxe5 Rf7 15.Ne2 e6
16.c4 Bf8 17.Bxf8 Qxf8 18.cxd5 exd5 19.h3 Nf5 20.g4 Ng7 21.Rf3 Qe7 22.Raf1 Raf8
23.Qe3 c5 24.Kg2 b6 25.Qd3 Qe6 26.Nc3 Rd7 27.Rd1 Rfd8 28.Qe2 Kh8 29.Rfd3 Qc6
30.Qf3 Ne6 31.Ne2 Qb7 32.h4 Ng7 33.Ng3 Qc6 34.f5 gxf5 35.gxf5 Rf7 36.Rxd5 Rdf8
37.f6 Ne6 38.Nf5 Rg8+ 39.Kh2 Nd4  1-0

[Event "1st Open"]
[Site "Condom FRA"]
[Date "2002.07.17"]
[Round "7"]
[White "Khamrakulov,I"]
[Black "Poley,V"]
[Result "1-0"]
[WhiteElo "2474"]
[BlackElo "2334"]

1.e4 g6 2.d4 Bg7 3.Nc3 c6 4.Bc4 d5 5.exd5 b5 6.Bb3 b4 7.Na4 cxd5 8.a3 Nc6
9.Ne2 Na5 10.Nc5 Nxb3 11.Nxb3 bxa3 12.Rxa3 Nf6 13.O-O O-O 14.Bf4 Ne4 15.Qd3 Bf5
16.Qa6 g5 17.Be3 Nd6 18.Na5 h6 19.c3 Qd7 20.Nc1 Rab8 21.Qe2 Rb5 22.Ncb3 Qc7
23.Rfa1 Qb6 24.h4 gxh4 25.Qh5 Bc2 26.Bxh6 Nf5 27.Bf4 e6 28.Nc5 Rxb2 29.Nd7 Rb1+
30.Kh2 Rxa1 31.Rxa1 Qb2 32.Rc1 Rc8 33.Ne5 Rc7 34.Ng4 Rxc3 35.Qg5 Ba4 36.Nf6+ Kf8
37.Qxf5 Qb6 38.Rxc3 exf5 39.Rc8+ Ke7 40.Nxd5+ Kd7 41.Nxb6+ axb6 42.Rc7+ Ke6
43.Nc6  1-0

[Event "KB Czech Open"]
[Site "Pardubice CZE"]
[Date "2002.07.19"]
[Round "1"]
[White "Sandipan,C"]
[Black "Dresen,U"]
[Result "1-0"]
[WhiteElo "2507"]
[BlackElo "2259"]

1.e4 g6 2.d4 Bg7 3.Nc3 c6 4.Bc4 d6 5.Qf3 e6 6.Nge2 Nd7 7.a4 Ngf6 8.Ba2 Qe7
9.g4 e5 10.d5 h6 11.h4 Nf8 12.g5 hxg5 13.hxg5 Rxh1+ 14.Qxh1 Nh5 15.Be3 Bg4
16.f3 Bd7 17.a5 Nh7 18.Qg1 c5 19.Bc4 Kf8 20.Kd2 Kg8 21.Rb1 Qd8 22.b4 b6 23.bxc5 bxc5
24.a6 Bf8 25.Qg2 Be7 26.Rg1 Rb8 27.f4 Rb4 28.Kd3 Bc8 29.fxe5 dxe5 30.Qf2 Nxg5
31.Bxg5 Bxg5 32.Rxg5 Rxc4 33.Rxh5 Rxc3+ 34.Nxc3 Bxa6+ 35.Kd2 gxh5 36.Qg3+ Kh7
37.Qxe5 Qh4 38.d6 Qf2+ 39.Kc1  1-0

[Event "25th Open"]
[Site "Ghent BEL"]
[Date "2002.07.20"]
[Round "2"]
[White "Vreugdenhil,F"]
[Black "Iordachescu,V"]
[Result "0-1"]
[WhiteElo "2081"]
[BlackElo "2555"]

1.e4 g6 2.d4 Bg7 3.Nc3 c6 4.f4 d5 5.e5 Nh6 6.Be2 f6 7.Nf3 Bg4 8.O-O e6 9.exf6 Qxf6
10.Ne5 Bxe2 11.Nxe2 O-O 12.c3 Qe7 13.b3 Nd7 14.a4 Nxe5 15.Ba3 Qh4 16.fxe5 Ng4
17.h3 Ne3 18.Bxf8 Nxd1 19.Bxg7 Nxc3  0-1

[Event "Macedonian Open"]
[Site "Struga MKD"]
[Date "2002.07.23"]
[Round "4"]
[White "Vuckovic,Bo"]
[Black "Chatalbashev,B"]
[Result "1-0"]
[WhiteElo "2472"]
[BlackElo "2530"]

1.e4 g6 2.d4 Bg7 3.Nc3 c6 4.Bc4 d6 5.Qf3 e6 6.Nge2 Nd7 7.Bf4 Qe7 8.O-O e5
9.Bg5 Ngf6 10.Bb3 h6 11.Be3 O-O 12.Rad1 b5 13.d5 c5 14.Nxb5 Nb6 15.h3 c4
16.Bxb6 cxb3 17.Ba5 bxc2 18.Rc1 Rb8 19.a4 a6 20.Na3 Rxb2 21.Rxc2 Rxc2 22.Nxc2 Nxe4
23.Qxe4 Bf5 24.Qb4 Bxc2 25.Qc4 Bf5 26.Qxa6 e4 27.Bb6 Bc8 28.Qc4 f5 29.Nf4 Kf7
30.a5 g5 31.Ne6 Bxe6 32.dxe6+ Qxe6 33.Qc7+ Kg6 34.a6 f4 35.a7 f3 36.Qc6 fxg2
37.Re1 Qxh3 38.Qxe4+ Kh5 39.Qxg2 Qxg2+ 40.Kxg2 Be5 41.Rc1 Kg6 42.Rc7 d5 43.Rd7 Bf6
44.Bd8  1-0

[Event "6th Open"]
[Site "Korinthos GRE"]
[Date "2002.07.24"]
[Round "2"]
[White "Moshina,C"]
[Black "Istratescu,A"]
[Result "0-1"]
[WhiteElo "2271"]
[BlackElo "2622"]

1.e4 g6 2.d4 Bg7 3.Nc3 c6 4.Be3 Qb6 5.Rb1 d6 6.Nf3 Bg4 7.Be2 Nd7 8.O-O Qc7
9.a4 Ngf6 10.Nd2 Bxe2 11.Qxe2 O-O 12.Kh1 e5 13.dxe5 Nxe5 14.f4 Ned7 15.Nc4 Rfe8
16.Qf3 d5 17.Nd2 dxe4 18.Ndxe4 Nxe4 19.Nxe4 f5 20.Nf2 Nb6 21.Bxb6 Qxb6 22.Nd3 Re3
23.Qd1 Rae8 24.Rf3 R3e4 25.b3 Bc3 26.Qf1 Qc7 27.h3 b5 28.Kh2 b4 29.Nc5 Rd4
30.Rd1 Qd6 31.Nd3 c5 32.Rf2 Ree4 33.g3 h5 34.Qg2 Qe7 35.g4 hxg4 36.hxg4 Re3  0-1

[Event "Lasker Mem Open"]
[Site "Barlinek POL"]
[Date "2002.07.25"]
[Round "7"]
[White "Senff,M"]
[Black "Krupa,M"]
[Result "1-0"]
[WhiteElo "2464"]
[BlackElo "2211"]

1.e4 g6 2.d4 Bg7 3.Nc3 c6 4.Nf3 d5 5.h3 Nh6 6.Bf4 dxe4 7.Nxe4 Nf5 8.c3 O-O
9.Be2 b6 10.O-O Bb7 11.Qc2 Na6 12.Rad1 Nc7 13.Bh2 Nd5 14.Ne5 e6 15.Rfe1 Qh4
16.Nf3 Qh6 17.Bf1 Rad8 18.Qa4 a5 19.Qb3 Ra8 20.a4 c5 21.dxc5 Nde3 22.fxe3 Bxe4
23.Bf4 Bxf3 24.Bxh6 Bxd1 25.Rxd1 Bxh6 26.cxb6 Bxe3+ 27.Kh2 Bf4+ 28.Kg1 Be3+
29.Kh1 Ng3+ 30.Kh2 Bf4 31.b7 Rab8 32.Ba6 Ne4+ 33.Kg1 Be3+ 34.Kf1 Nd2+ 35.Rxd2 Bxd2
36.Qb6 Bf4 37.c4 Rfd8 38.c5 Be3 39.Qxa5 Rd5 40.Qc7 Rf5+ 41.Ke2 Bf4 42.Qc8+ Kg7
43.c6  1-0

[Event "6th Open"]
[Site "Korinthos GRE"]
[Date "2002.07.25"]
[Round "3"]
[White "Makropoulou,M"]
[Black "Svetushkin,D"]
[Result "0-1"]
[WhiteElo "2300"]
[BlackElo "2491"]

1.e4 g6 2.d4 Bg7 3.Nc3 c6 4.Nf3 d6 5.h3 Nf6 6.Bg5 Qa5 7.Qd2 Nbd7 8.a3 e5
9.dxe5 dxe5 10.Bc4 O-O 11.O-O Qc7 12.b4 Re8 13.Be3 Nb6 14.Bd3 Rd8 15.Qe2 Nh5
16.Rad1 a5 17.Rfe1 h6 18.g4 Nf4 19.Bxf4 exf4 20.e5 axb4 21.axb4 Ra3 22.Nb1 Ra4
23.Qe4 c5 24.Qxf4 Rxb4 25.Qc1 c4 26.Bf1 Rxd1 27.Qxd1 c3 28.Na3 Be6 29.Nb5 Qc5
30.Qd8+ Kh7 31.Nd6 Qc6 32.Bg2 Qd7 33.Qb8 Bd5 34.Ne8 Qc6 35.Nh4 Bxg2 36.Nxg2 Nd7
37.Qd6 Nxe5 38.Qxc6 bxc6 39.Kf1 Nf3 40.Re7  0-1

[Event "Macedonian Open"]
[Site "Struga MKD"]
[Date "2002.07.28"]
[Round "9"]
[White "Stanojoski,Z"]
[Black "Chatalbashev,B"]
[Result "1/2-1/2"]
[WhiteElo "2479"]
[BlackElo "2530"]

1.e4 g6 2.d4 Bg7 3.Nc3 c6 4.f4 d5 5.e5 f6 6.Nf3 Nh6 7.Bd3 Bg4 8.O-O O-O 9.Ne2 Nd7
10.c3 Bxf3 11.Rxf3 fxe5 12.fxe5 Rxf3 13.gxf3 e6 14.Be3 Qb6 15.Qd2 Rf8 16.Bxh6 Nxe5
17.Rf1 Bxh6 18.Qxh6 Nxd3 19.Qe3 Qa6 20.Qxe6+ Kg7 21.Qe3 Rf7 22.b3 c5 23.dxc5 Nxc5
24.Nd4 Qf6 25.Re1 h6 26.Kh1 a5 27.a3 Kh7 28.Qe5 Qxe5 29.Rxe5 Rd7 30.Kg1 Kg7
31.Kf1 a4 32.b4 Nb3 33.Ke2 Nxd4+ 34.cxd4 Kf7 35.Kd3 b5 36.h4 h5 37.Ke3 Rd6
38.f4 Kf6 39.Kf3 Rd8 40.Rg5 Rd7 41.f5 gxf5 42.Kf4 Rh7 43.Rxf5+ Ke6 44.Re5+ Kd6
45.Rg5 Re7 46.Rxh5 Re4+ 47.Kf5 Rxd4 48.Rh6+ Kc7 49.Ke5 Rd3 50.h5 Rxa3 51.Kxd5 Rc3
52.Rh7+ Kb6 53.Rh6+ Kb7 54.Rh7+ Kb6  1/2-1/2

[Event "Somes Open"]
[Site "Satu-Mare ROM"]
[Date "2002.07.30"]
[Round "5"]
[White "Toma,A"]
[Black "Chernov,Va"]
[Result "0-1"]
[WhiteElo "2247"]
[BlackElo "2401"]

1.e4 g6 2.d4 Bg7 3.Nc3 c6 4.Be3 Qb6 5.Na4 Qa5+ 6.c3 d6 7.b4 Qc7 8.Nb2 Nf6
9.f3 O-O 10.Bd3 a5 11.a3 Nbd7 12.Ne2 e5 13.O-O axb4 14.axb4 Rxa1 15.Qxa1 d5
16.Kh1 Re8 17.Qb1 Qd8 18.Nd1 Qe7 19.Nf2 dxe4 20.fxe4 Nf8 21.b5  0-1

[Event "5th Open"]
[Site "Vins du Medoc FRA"]
[Date "2002.07.30"]
[Round "1"]
[White "Ravot,S"]
[Black "Iordachescu,V"]
[Result "0-1"]
[WhiteElo "2157"]
[BlackElo "2555"]

1.e4 g6 2.d4 Bg7 3.Nc3 c6 4.Be3 d5 5.Qd2 dxe4 6.Nxe4 Nd7 7.Bc4 Ngf6 8.Ng5 O-O
9.N1f3 Nd5 10.O-O-O b5 11.Be2 h6 12.Ne4 Nxe3 13.Qxe3 Qc7 14.Kb1 Nb6 15.Nc5 Nd5
16.Qd2 Nf4 17.g3 Ne6 18.Qc3 Qd6 19.Nxe6 Bxe6 20.Rhe1 Rfd8 21.Qe3 Rac8 22.c3 b4
23.c4 Bf5+ 24.Kc1 c5 25.dxc5 Qf6 26.Qb3 Qc6 27.Qe3 Qa4 28.Qb3 Qa5 29.Rxd8+ Rxd8
30.Rd1 Rxd1+ 31.Bxd1 Qxc5 32.Nd2 a5 33.g4 Be6 34.f3 Bd7 35.a3 bxa3 36.Qxa3 Qd4
37.c5 a4 38.h3 Bc6 39.Nb1 Be5 40.Nc3 Qd3 41.Bc2 Qf1+ 42.Bd1 Bxf3 43.Qxa4 Bxc3  0-1

[Event "Open A"]
[Site "Trier GER"]
[Date "2002.07.31"]
[Round "4"]
[White "Ionescu,D"]
[Black "Kluger,C"]
[Result "1-0"]
[WhiteElo "2450"]
[BlackElo "2130"]

1.e4 g6 2.d4 Bg7 3.Nc3 c6 4.f4 d5 5.e5 h5 6.Nf3 Bg4 7.h3 Bxf3 8.Qxf3 e6 9.g3 Qb6
10.Qf2 Ne7 11.Bd3 Bf8 12.O-O Nd7 13.b3 Nf5 14.Ne2 c5 15.c3 O-O-O 16.g4 hxg4
17.hxg4 Rh3 18.Rd1 Nh6 19.g5 Nf5 20.Bxf5 gxf5 21.Kg2 Rh8 22.Be3 c4 23.bxc4 Qc6
24.cxd5 Qxd5+ 25.Kg3 Nb6 26.Qg2 Qc4 27.d5 Nxd5 28.Bxa7 Bc5 29.Bxc5 Qxc5 30.Qf3 Kb8
31.Rh1 Rhg8 32.Rab1 f6 33.exf6 e5 34.Rh7 exf4+ 35.Kh4 Qf8 36.Rbxb7+ Kc8 37.Qf2 Rxg5
38.Rb8+  1-0

[Event "7th Open"]
[Site "Creon FRA"]
[Date "2002.08.01"]
[Round "6"]
[White "Moldovan,D"]
[Black "Bogza,A"]
[Result "1-0"]
[WhiteElo "2459"]
[BlackElo "2270"]

1.e4 g6 2.d4 Bg7 3.Nc3 c6 4.Nf3 d6 5.a4 Nf6 6.Be2 O-O 7.O-O Nbd7 8.Be3 e5
9.dxe5 dxe5 10.Nd2 Qe7 11.Nc4 Nc5 12.Qd6 Qxd6 13.Nxd6 Ne6 14.Rfd1 Rd8 15.Nxc8 Rdxc8
16.f3 Bf8 17.Bc4 Nd4 18.Rd2 Bb4 19.Rf2 a5 20.Nd1 Be7 21.c3 Ne6 22.Rd2 Nc5
23.Kf1 Kf8 24.Ke2 Nfd7 25.b4 axb4 26.cxb4 Nb6 27.Bxf7 Ncxa4 28.Be6 Bxb4 29.Bxc8 Bxd2
30.Bxb6 Bg5 31.Be3 Be7 32.Ra2 Rxc8 33.Rxa4 b5 34.Ra7 c5 35.Nc3 b4 36.Nd5 Bd8
37.Rb7  1-0

[Event "Somes Open"]
[Site "Satu-Mare ROM"]
[Date "2002.08.02"]
[Round "8"]
[White "Soltanici,R"]
[Black "Sanduleac,V"]
[Result "1/2-1/2"]
[WhiteElo "2426"]
[BlackElo "2484"]

1.e4 g6 2.d4 Bg7 3.Nc3 c6 4.Bc4 d6 5.Nf3 Nf6 6.Bb3 O-O 7.h3 Na6 8.O-O Nc7
9.a4 d5 10.e5 Nd7 11.Ne2 f6 12.exf6 exf6 13.c3  1/2-1/2

[Event "FSGM August"]
[Site "Budapest HUN"]
[Date "2002.08.03"]
[Round "1"]
[White "Fogarasi,T"]
[Black "Chernyshov,K"]
[Result "1/2-1/2"]
[WhiteElo "2466"]
[BlackElo "2518"]

1.e4 g6 2.d4 Bg7 3.Nc3 c6 4.Nf3 d5 5.h3 dxe4 6.Nxe4 Nd7 7.Bd3 Ngf6 8.Nxf6+ Nxf6
9.O-O O-O 10.Re1 b6 11.Bg5 Qd6 12.Qe2 Be6 13.c3 Rfe8 14.Qd2 Rad8 15.Bf4 Qd7
16.a4 Nd5 17.Bh6 f6 18.Bxg7 Kxg7 19.c4 Nc7 20.a5 b5 21.b3 Bf7 22.Rad1 Rb8
23.Qc3 Qd6 24.Bf1 Kf8 25.Nd2 bxc4 26.bxc4 Qb4 27.Qf3 Ne6 28.Qg4 h5 29.Qe4 Qxa5
30.Nf3 Qc7 31.d5 Nc5 32.Qe3 cxd5 33.Qh6+ Kg8 34.Nh4 e5 35.cxd5 Qd6 36.Nxg6 Bxg6
37.Qxg6+ Kf8 38.Re3 Rb7 39.Rf3 Rf7 40.Rf5 Ke7 41.Rxh5 Ref8 42.Rh7 Rxh7 43.Qxh7+ Rf7
44.Qg8 Rf8 45.Qh7+ Rf7 46.Qf5 Kd8 47.Rc1 Rc7 48.Rb1 Nd7 49.h4 Qxd5 50.h5 Qd2
51.Qg6 Rc2 52.Qf5 Rc7 53.Qf3 Rc1 54.Rxc1 Qxc1 55.Qa8+ Ke7 56.Qxa7 f5 57.Qa8 Nf6
58.Qh8 Qg5 59.h6 e4 60.g3  1/2-1/2

[Event "FSGM August"]
[Site "Budapest HUN"]
[Date "2002.08.05"]
[Round "3"]
[White "Gara,A"]
[Black "Chernyshov,K"]
[Result "0-1"]
[WhiteElo "2365"]
[BlackElo "2518"]

1.e4 g6 2.d4 Bg7 3.Nc3 c6 4.h3 d5 5.Nf3 dxe4 6.Nxe4 Nd7 7.Bc4 Ngf6 8.Neg5 O-O
9.Qe2 Nb6 10.Bb3 a5 11.a4 Nbd5 12.c4 Nb4 13.Bd2 h6 14.Bxb4 axb4 15.Ne4 Nxe4
16.Qxe4 c5 17.Rd1 Bd7 18.Qxb7 Qe8 19.dxc5 Bc6 20.Qc7 Bxb2 21.O-O Bxf3 22.gxf3 Rc8
23.Qb6 Rb8 24.Qc7 Rc8 25.Qb6 e5 26.Bc2 Qe7 27.Qxb4 Bd4 28.Qd2 Qh4 29.Kg2 Rxc5
30.Be4 Rxc4 31.a5 Rfc8 32.Rb1 Ra4 33.Rb7 Kg7 34.Bd5 Rf8 35.Bb3 Ra3 36.Rc1 Bxf2
37.Bxf7 Qg3+ 38.Kf1 Qxh3+ 39.Kxf2 Qxf3+ 40.Kg1 Qxb7 41.Bd5 Qa7+ 42.Kg2 Qxa5  0-1

[Event "6th HZ Open"]
[Site "Vlissingen NED"]
[Date "2002.08.05"]
[Round "2"]
[White "Gyimesi,Z"]
[Black "Kluger,C"]
[Result "1-0"]
[WhiteElo "2580"]
[BlackElo "2130"]

1.e4 g6 2.d4 Bg7 3.Nc3 c6 4.Bc4 d6 5.Qf3 e6 6.Nge2 Qe7 7.O-O Nd7 8.Bb3 Ngf6
9.Bg5 e5 10.Rad1 h6 11.Bh4 g5 12.Bg3 Nf8 13.Qd3 Ng6 14.f3 Nh5 15.Bf2 Nhf4
16.Qd2 h5 17.dxe5 Bxe5 18.Kh1 Be6 19.Nd4 g4 20.Nf5 Bxf5 21.exf5 gxf3 22.g3 h4
23.gxf4 Nxf4 24.Be3 Nh5 25.Rxf3 Ng3+ 26.Kg1 O-O-O 27.f6 Qd7 28.hxg3 hxg3
29.Qd3 Rh1+ 30.Kxh1 Qh3+ 31.Kg1 Qh2+ 32.Kf1 g2+ 33.Ke1 Bg3+ 34.Rxg3 Qxg3+
35.Kd2 g1=Q 36.Rxg1  1-0

[Event "Open"]
[Site "Davos SUI"]
[Date "2002.08.06"]
[Round "3"]
[White "Lommers,F"]
[Black "Goldstern,F"]
[Result "0-1"]
[WhiteElo "2202"]
[BlackElo "2372"]

1.e4 g6 2.d4 Bg7 3.Nc3 c6 4.f4 d5 5.e5 Nh6 6.Nf3 f6 7.Bd3 Bg4 8.h3 Bxf3 9.Qxf3 O-O
10.exf6 Bxf6 11.Be3 Qb6 12.O-O-O Bxd4 13.Bxd4 Qxd4 14.Kb1 Qxf4 15.Qe2 e5
16.Rhf1 Qg5 17.Rxf8+ Kxf8 18.h4 Qe7 19.h5 Kg7 20.hxg6 hxg6 21.Rh1 Qg5 22.Qf3 Nd7
23.Nxd5 cxd5 24.Qxd5 Rd8 25.Qxb7 Qe3 26.a3 Nf7 27.Rf1 Nf6 28.Qe7 Qb6 29.Bb5 Rb8
30.a4 Rb7 31.Qa3 Nd6 32.Qf3 Nde4 33.Kc1 a6 34.Bd3 Qxb2+ 35.Kd1 Qd4 36.Ke2 Nc3+
37.Kd2 Nfe4+  0-1

[Event "Proclient Cup"]
[Site "Olomouc CZE"]
[Date "2002.08.08"]
[Round "9"]
[White "Skytte,R"]
[Black "Chytilek,R"]
[Result "1/2-1/2"]
[WhiteElo "2366"]
[BlackElo "2380"]

1.e4 g6 2.d4 Bg7 3.Nc3 c6 4.Nf3 d5 5.h3 Nf6 6.e5 Ne4 7.Nxe4 dxe4 8.Ng5 c5
9.e6 f6 10.Nf7 Qxd4 11.Nxh8 Bxe6 12.Nxg6 hxg6 13.Bb5+ Nd7 14.Qe2 a6 15.c3 Qe5
16.Bc4 f5 17.Bxe6 Qxe6 18.f3 Be5  1/2-1/2

[Event "6th HZ Open"]
[Site "Vlissingen NED"]
[Date "2002.08.09"]
[Round "7"]
[White "Jongsma,D"]
[Black "Kluger,C"]
[Result "1-0"]
[WhiteElo "2233"]
[BlackElo "2130"]

1.e4 g6 2.d4 Bg7 3.Nc3 c6 4.Be3 d6 5.Qd2 Nd7 6.O-O-O Qa5 7.Kb1 b5 8.Nce2 Qxd2
9.Rxd2 a6 10.f3 Bh6 11.Bxh6 Nxh6 12.h4 f6 13.g4 Nf7 14.Bg2 e5 15.Nh3 Nb6
16.b3 h6 17.Nf2 Ke7 18.Rhd1 Bb7 19.dxe5 dxe5 20.Nd3 Rad8 21.Ng3 Nd6 22.f4 Nf7
23.h5 exf4 24.Nxf4 Rxd2 25.Nxg6+ Ke8 26.Rxd2 Rh7 27.Nf5 Nc8 28.b4 Ne5 29.Nxe5 fxe5
30.Nh4 Re7 31.Ng6 Re6 32.Bh3 Rd6 33.Rf2 Kd8 34.Nxe5 Rd1+ 35.Kb2 Nb6 36.Nd3 Na4+
37.Ka3 c5 38.Nxc5 Nxc5 39.bxc5 Bxe4 40.Bg2 Rd4 41.Bxe4 Rxe4 42.Rf6 a5 43.Rxh6 Rxg4
44.Rh8+ Kc7 45.h6 Rg3+ 46.Kb2 Rh3 47.h7 a4 48.Ra8 a3+ 49.Rxa3  1-0

[Event "6th HZ Open"]
[Site "Vlissingen NED"]
[Date "2002.08.11"]
[Round "9"]
[White "Remmler,HP"]
[Black "Lorscheid,G"]
[Result "1/2-1/2"]
[WhiteElo "2197"]
[BlackElo "2296"]

1.e4 g6 2.d4 Bg7 3.Nc3 c6 4.Nf3 d6 5.Be2 Nf6 6.O-O O-O 7.h3 Nbd7 8.e5 Ne8
9.Bf4 dxe5 10.dxe5 Nc7 11.Qc1 Ne6  1/2-1/2

[Event "ADCF Masters"]
[Site "Abu Dhabi UAE"]
[Date "2002.08.13"]
[Round "2"]
[White "Nezad,H"]
[Black "Ibrahim,I"]
[Result "1-0"]
[WhiteElo "2246"]
[BlackElo "2042"]

1.e4 g6 2.d4 Bg7 3.Nc3 c6 4.f4 d5 5.e5 Nh6 6.Be2 f6 7.Nf3 O-O 8.O-O Be6 9.Kh1 b6
10.Be3 Qc8 11.Qd2 Rd8 12.Na4 Nd7 13.b3 Qb7 14.h3 fxe5 15.fxe5 Nf5 16.Bf4 c5
17.c3 Bh8 18.Ng5 Ng7 19.Nxe6 Nxe6 20.Bg4 Qc6 21.Be3 b5 22.Nb2 Rf8 23.Nd3 cxd4
24.cxd4 a5 25.Rxf8+ Ndxf8 26.Rc1 Qb7 27.Nc5 Nxc5 28.Rxc5 a4 29.b4 h5 30.Bf3 e6
31.Qc2 Ra7 32.Be2  1-0

[Event "11th Open"]
[Site "Kavala GRE"]
[Date "2002.08.13"]
[Round "5"]
[White "Mastrovasilis,D"]
[Black "Istratescu,A"]
[Result "0-1"]
[WhiteElo "2462"]
[BlackElo "2622"]

1.e4 g6 2.d4 Bg7 3.Nc3 c6 4.f4 d5 5.e5 Nh6 6.Nf3 f6 7.Be3 Bg4 8.h3 Bxf3 9.Qxf3 O-O
10.exf6 exf6 11.O-O-O Nd7 12.g4 f5 13.Bd3 b5 14.Ne2 Nb6 15.Ng3 Nc4 16.gxf5 Nxf5
17.Bxf5 gxf5 18.Kb1 Qe7 19.Bc1 Nd6 20.Rhe1 Ne4 21.Nxe4 fxe4 22.Qg4 Kh8 23.f5 Rg8
24.Qh5 Raf8 25.Rf1 Bf6 26.c3 Rg2 27.Rg1 Rxg1 28.Rxg1 b4 29.Rg6 bxc3 30.bxc3 e3
31.Rg1 Qe4+ 32.Ka1 Rb8 33.Bb2 Qc2 34.Rb1 e2  0-1

[Event "ch-AUT"]
[Site "Oberpullendorf AUT"]
[Date "2002.08.13"]
[Round "4"]
[White "Mahdi,K"]
[Black "Stuhlik,M"]
[Result "1/2-1/2"]
[WhiteElo "2376"]
[BlackElo "2244"]

1.e4 g6 2.d4 Bg7 3.Nc3 c6 4.Nf3 d5 5.h3 Nf6 6.e5 Ne4 7.Bd2 O-O 8.Bd3 f5 9.h4 h6
10.Qc1 Kh7 11.Ne2 c5 12.c3 Nc6 13.b4 cxb4  1/2-1/2

[Event "TUR-GEO Chess Summit"]
[Site "Ankara TUR"]
[Date "2002.08.14"]
[Round "11"]
[White "Erturan,Y"]
[Black "Gelashvili,T"]
[Result "0-1"]
[WhiteElo "2277"]
[BlackElo "2551"]

1.e4 g6 2.d4 Bg7 3.Nc3 c6 4.f4 d5 5.e5 h5 6.Bd3 Bg4 7.Nf3 e6 8.h3 Bxf3 9.Qxf3 h4
10.Be3 Ne7 11.O-O Nd7 12.Ne2 a5 13.a4 Nf5 14.Bf2 Bf8 15.b3 Be7 16.c4 Kf8
17.Kh2 Qb6 18.Rfc1 Kg7 19.Rab1 Rad8 20.Qg4 Nb8 21.c5 Qa7 22.b4 axb4 23.Rxb4 Nd7
24.a5 Qxa5 25.Rxb7 Rhe8 26.Be1 Qa4 27.Bc3 Qa8 28.Rc7 Qb8 29.Rxc6 Qb7 30.Ra6 Bxc5
31.Rb1 Bb6 32.Ba5 Qxa6 33.Bxa6 Bxa5 34.Bd3 Rh8 35.Bxf5 exf5 36.Qf3 Nb6 37.Qa3 Nc4
38.Qe7 Rhf8 39.Rb7 Rde8 40.Qxh4 Re6 41.Qg3 Rd8 42.Qd3 Be1 43.Ng1 Bd2 44.Qg3 Ne3
45.Qf2 Rh8 46.Kg3 Ra6 47.Nf3 Ra3 48.Rb2 Ba5 49.Qe2 Rc8 50.Kf2 Rcc3 51.Nd2 Rd3
52.Nb1 Nd1+ 53.Kf1 Nxb2 54.Nxa3 Rd1+  0-1

[Event "ADCF Masters"]
[Site "Abu Dhabi UAE"]
[Date "2002.08.15"]
[Round "4"]
[White "El Arousy,A"]
[Black "Komliakov,V"]
[Result "1-0"]
[WhiteElo "2297"]
[BlackElo "2450"]

1.e4 g6 2.d4 Bg7 3.Nc3 c6 4.Nf3 d5 5.h3 Nf6 6.Bd3 dxe4 7.Nxe4 Nxe4 8.Bxe4 Nd7
9.O-O O-O 10.c3 c5 11.dxc5 Nxc5 12.Bc2 Qc7 13.Re1 b6 14.Bg5 e5 15.Qc1 Bb7
16.Nh2 Rae8 17.Bh6 f5 18.Bxg7 Kxg7 19.f3 Re7 20.Qe3 Rd8 21.Rad1 Rxd1 22.Rxd1 Nd7
23.Nf1 Nf6 24.Bb3 Ba6 25.Qf2 Rd7 26.Rxd7+ Qxd7 27.Qd2 Qc7 28.Ne3 Qc5 29.Kh2 f4
30.Ng4 Nxg4+ 31.hxg4 Qe7 32.Bd5 Qd6 33.b3 Bb7 34.c4 Kf8 35.Qd3 Ke7 36.Qe4 Bxd5
37.cxd5 b5 38.a4 a6 39.axb5 axb5 40.g5 Kd7 41.g3 fxg3+ 42.Kxg3 Kc8 43.Kg4 Kb7
44.b4 Kc8 45.f4 exf4 46.Qe8+ Kc7 47.Qxb5 Qe5 48.Qc6+ Kb8 49.Qb6+ Ka8 50.Qe6 Qd4
51.Qe8+  1-0

[Event "ch-AUT"]
[Site "Oberpullendorf AUT"]
[Date "2002.08.15"]
[Round "6"]
[White "Pfaffel,T"]
[Black "Wiedner,R"]
[Result "1/2-1/2"]
[WhiteElo "2091"]
[BlackElo "2235"]

1.e4 g6 2.d4 Bg7 3.Nc3 c6 4.Nf3 d6 5.Be2 Nd7 6.a4 Nf8 7.h3 h6 8.Be3 Bd7 9.Qd2 Qc7
10.a5 g5 11.d5 Ng6 12.Ra3 Nf6 13.a6 b6 14.dxc6 Bxc6 15.Bb5 O-O 16.Bxc6 Qxc6
17.Nd4 Qd7 18.f3 e6  1/2-1/2

[Event "ch-AUT w"]
[Site "Oberpullendorf AUT"]
[Date "2002.08.16"]
[Round "6"]
[White "Lukan,D"]
[Black "Schwaninger,U"]
[Result "1/2-1/2"]
[WhiteElo "2051"]
[BlackElo "2045"]

1.d4 g6 2.e4 Bg7 3.Nc3 c6 4.Nf3 d6 5.Be2 Nf6 6.h3 b5 7.Bd3 b4 8.Ne2 O-O 9.O-O a5
10.Be3 Ba6 11.Rc1 Nfd7 12.c3 c5 13.Bxa6 Nxa6 14.Qd2 Qb6 15.Bh6 Nf6 16.Ng3 bxc3
17.bxc3 cxd4 18.cxd4 Rfc8 19.Bxg7 Kxg7 20.e5 dxe5 21.dxe5 Ne8 22.Qe2 h6 23.h4 Nb4
24.h5 Nd5 25.hxg6 Nf4 26.Nf5+ Kf8 27.Qe4 Rxc1 28.Rxc1 fxg6 29.Qxf4 gxf5 30.Qxf5+ Kg8
31.Rb1 Qa6 32.Nd4 Ng7 33.Qg4 Rf8 34.Rb8 h5 35.Rxf8+ Kxf8 36.Qf3+ Ke8 37.Qe2 Qh6
38.Qb5+ Kf7 39.Qb3+ Kf8 40.Qf3+ Kg8 41.Nc6 Qc1+ 42.Kh2 Qc5 43.Qe4 e6 44.f4 Nf5
45.Qf3 a4 46.a3 Kf8 47.Nb4  1/2-1/2

[Event "ADCF Masters"]
[Site "Abu Dhabi UAE"]
[Date "2002.08.17"]
[Round "6"]
[White "Himdan,M"]
[Black "Ibrahim,I"]
[Result "1/2-1/2"]
[WhiteElo "2363"]
[BlackElo "2042"]

1.e4 g6 2.d4 Bg7 3.Nc3 c6 4.f4 d5 5.e5 h5 6.Nf3 Nh6 7.Be3 b6 8.Qd2 e6 9.Bf2 Ba6
10.Bh4 Qd7 11.Ne2 c5 12.c3 Nc6 13.g3 Nf5 14.Bg5 Rc8 15.Bg2 Bxe2 16.Kxe2 cxd4
17.cxd4 Na5 18.b3 O-O 19.Rhc1 Rfe8 20.Kf2 Bf8 21.Rxc8 Rxc8 22.Rc1 Rxc1 23.Qxc1 Nxd4
24.Nxd4 Bc5 25.Kf1 Bxd4 26.Bf3 Qb5+ 27.Be2 Qc5 28.Qd1 Nc6 29.Kg2 Nb4 30.Kh3  1/2-1/2

[Event "ADCF Masters"]
[Site "Abu Dhabi UAE"]
[Date "2002.08.19"]
[Round "8"]
[White "Al Tamimi,H"]
[Black "Dzhumaev,M"]
[Result "0-1"]
[WhiteElo "2105"]
[BlackElo "2494"]

1.e4 g6 2.d4 Bg7 3.Nc3 c6 4.f4 d5 5.e5 h5 6.Bd3 Nh6 7.Nf3 Bf5 8.Be3 e6 9.Ne2 Qb6
10.Rb1 Bf8 11.Ng3 Bxd3 12.Qxd3 c5 13.dxc5 Bxc5 14.Bxc5 Qxc5 15.Nd4 Nc6 16.Nge2 Nf5
17.c3 Rc8 18.O-O Qb6 19.Kh1 a6 20.Rfd1 Nce7 21.Nxf5 gxf5 22.Nd4 h4 23.h3 Rg8
24.Rf1 Rc4 25.b3 Rc8 26.Rf3 Qa5 27.Rb2 Rc7 28.Rd2 b5 29.Rc2 Kd7 30.c4 bxc4
31.bxc4 Rgc8 32.Nb3 Qe1+ 33.Rf1 Qe4 34.Qd1 Rg8 35.Nd4 Rg3 36.Re2 Rxh3+ 37.Kg1 Re3
38.Qa4+ Kd8 39.Rd2 h3 40.Nb3 Rg3 41.Rff2 Qe3 42.Kh2 hxg2  0-1

[Event "Open"]
[Site "Nikea GRE"]
[Date "2002.08.20"]
[Round "2"]
[White "Kiriazis,D"]
[Black "Shavtvaladze,N"]
[Result "0-1"]
[WhiteElo "2018"]
[BlackElo "2399"]

1.e4 g6 2.d4 Bg7 3.Nc3 c6 4.Be3 d5 5.e5 h5 6.f4 Nh6 7.h3 Nf5 8.Bf2 h4 9.Qd2 b5
10.O-O-O Na6 11.Kb1 Nc7 12.Bd3 Bf8 13.Nce2 a5 14.g4 hxg3 15.Nxg3 Nh4 16.Be3 b4
17.Rf1 e6 18.Nf3 Nxf3 19.Rxf3 Ba6 20.Bxa6 Nxa6 21.Rf2 Be7 22.Rfh2 Bh4 23.Ne2 Qe7
24.Ng1 Kd7 25.Nf3 Rh5 26.Nxh4 Qxh4 27.Bf2 Qe7 28.h4 Nc7 29.Bg3 Ne8 30.Rc1 Ng7
31.c4 Nf5 32.Be1 Qe8 33.cxd5 exd5 34.Qd3 Qe6 35.Rhc2 Ne7 36.Qb3 Rhh8 37.Qa4 Rhc8
38.Rc5 Qf5+ 39.Ka1 Qxf4  0-1